Antecedents and consequences of job burnout among Indian software developers (Record no. 10751)
[ view plain ]
| 000 -LEADER | |
|---|---|
| fixed length control field | 00649nam a2200193Ia 4500 |
| 082 ## - DEWEY DECIMAL CLASSIFICATION NUMBER | |
| Classification number | TS.1064 |
| 100 ## - MAIN ENTRY--AUTHOR NAME | |
| Personal name | Singh, Pankaj |
| 245 #0 - TITLE STATEMENT | |
| Title | Antecedents and consequences of job burnout among Indian software developers |
| 260 ## - PUBLICATION, DISTRIBUTION, ETC. (IMPRINT) | |
| Place of publication | Kharagpur |
| Name of publisher | Indian Institute of Technology, Kharagpur |
| Year of publication | 2010 |
| 300 ## - PHYSICAL DESCRIPTION | |
| Number of Pages | v,100 |
| 504 ## - BIBLIOGRAPHY, ETC. NOTE | |
| Bibliography, etc | includes appendix and bibliography |
| 650 ## - SUBJECT ADDED ENTRY--TOPICAL TERM | |
| Topical Term | Computer Software |
| Form subdivision | Development |
| Geographic subdivision | India |
| 650 ## - SUBJECT ADDED ENTRY--TOPICAL TERM | |
| Topical Term | Software Engineering |
| Geographic subdivision | India |
| 650 ## - SUBJECT ADDED ENTRY--TOPICAL TERM | |
| Topical Term | Social Network |
| 650 ## - SUBJECT ADDED ENTRY--TOPICAL TERM | |
| Topical Term | Software Consultant |
| Form subdivision | Job Satisfaction |
| Geographic subdivision | India |
| 650 ## - SUBJECT ADDED ENTRY--TOPICAL TERM | |
| Topical Term | Software Consultant |
| Form subdivision | Job Stress |
| Geographic subdivision | India |
| 710 ## - ADDED ENTRY--CORPORATE NAME | |
| Corporate name or jurisdiction name as entry element | Suar, Damodar |
| 942 ## - ADDED ENTRY ELEMENTS (KOHA) | |
| Koha item type | Thesis |
| Source of classification or shelving scheme | Dewey Decimal Classification |
| Withdrawn status | Lost status | Damaged status | Not for loan | Home library | Current library | Date acquired | Bill Date | Full call number | Accession Number | Price effective from | Koha item type |
|---|---|---|---|---|---|---|---|---|---|---|---|
| NASSDOC Library | NASSDOC Library | 20/04/2012 | 2009-09-24 | TS.1064 | 47637 | 18/04/2019 | Thesis |
